Welcome to CU Library Online Public Access Catalogue (OPAC)

The Castells reader on cities and social theory / (Record no. 9037)

MARC details
000 -LEADER
fixed length control field 00826cam a22002534a 4500
001 - CONTROL NUMBER
control field 12258110
005 - DATE AND TIME OF LATEST TRANSACTION
control field 20260313155822.0
008 - FIXED-LENGTH DATA ELEMENTS--GENERAL INFORMATION
fixed length control field 001215s2002 mauab b 001 0 eng
020 ## - INTERNATIONAL STANDARD BOOK NUMBER
International Standard Book Number 0631219323
Qualifying information alk. paper
020 ## - INTERNATIONAL STANDARD BOOK NUMBER
International Standard Book Number 0631219331
Qualifying information pbk. : alk. paper
020 ## - INTERNATIONAL STANDARD BOOK NUMBER
International Standard Book Number 9780631219323
Qualifying information (alk. paper)
020 ## - INTERNATIONAL STANDARD BOOK NUMBER
International Standard Book Number 9780631219330
Qualifying information (pbk. : alk. paper)
050 00 - LIBRARY OF CONGRESS CALL NUMBER
Classification number HT151
Item number .C377 2002
082 00 - DEWEY DECIMAL CLASSIFICATION NUMBER
Classification number 307.76
Edition information 21
100 1# - MAIN ENTRY--PERSONAL NAME
Personal name Castells, Manuel,
Dates associated with a name 1942-
245 14 - TITLE STATEMENT
Title The Castells reader on cities and social theory /
Statement of responsibility, etc. edited by Ida Susser.
260 ## - PUBLICATION, DISTRIBUTION, ETC.
Place of publication, distribution, etc. Malden, Mass. :
Name of publisher, distributor, etc. Blackwell,
Date of publication, distribution, etc. 2002.
300 ## - PHYSICAL DESCRIPTION
Extent x, 431 p. :
Other physical details ill., maps ;
Dimensions 24 cm.
650 #0 - SUBJECT ADDED ENTRY--TOPICAL TERM
Topical term or geographic name entry element Sociology, Urban.
650 #0 - SUBJECT ADDED ENTRY--TOPICAL TERM
Topical term or geographic name entry element Social movements.
650 #0 - SUBJECT ADDED ENTRY--TOPICAL TERM
Topical term or geographic name entry element Cities and towns
General subdivision Effect of technological innovations on.
700 1# - ADDED ENTRY--PERSONAL NAME
Personal name Susser, Ida.
942 ## - ADDED ENTRY ELEMENTS (KOHA)
Source of classification or shelving scheme Library of Congress Classification
Koha item type Books
Suppress in OPAC No
999 ## -
-- 9037
-- 9037
Holdings
Withdrawn status Lost status Source of classification or shelving scheme Damaged status Not for loan Collection Home library Current library Shelving location Date acquired Total checkouts Full call number Barcode Date last seen Copy number Price effective from Koha item type
    Library of Congress Classification     Non-fiction Business Library (Miotso) Business Library (Miotso) General stacks 03/11/2026   HT151 .C377 2002 BSSM00002758 03/13/2026 1 03/11/2026 Books
© 2023-2024 Copyright: Central University Libraries. All Rights Reserved | Created by: Mahone Tech Office